• 首页
  • 本馆介绍
  • 公告通知
  • 最新文献
  • 馆藏检索
  • 电子资源
  • 读者导购
  • 参考咨询
  • 我的图书馆
  • 登录
  • 详细信息显示
  • 放入我的书架
  • 预约/预借图书
  • 作者相关作品
  • 分类相关作品
  • 丛书相关作品
  • 出版社相关作品

书目信息

  • 表格格式
  • 工作单格式
  • 卡片格式
题名:
家庭医学百科
    
 
作者: 罗森巴格 著 ;盛欣 , 魏叔兰 , 海旺 , 朱秋云 译
分册:  
出版信息: 北京   工人出版社  1985
页数: 528页
开本: 19cm
丛书名:
单 册:
中图分类: R-49
科图分类:
主题词: 医药学
电子资源:
ISBN:
000 00775nam0 2200289 45
001 0185007402
005 20031206112046.7
010    @dCNY4.10
091    @a14007.4
100    @a19900816d1985 em y0chiy0121 ea
101 1  @achi@ceng
102    @aCN@b110000
105    @ay f 001yy
106    @ar
200 10 @a家庭医学百科@Ajia ting yi xue bai ke@f(美)罗森巴格著@g盛欣等译
210    @a北京@c工人出版社@d1985
215    @a528页@d19cm
606 0  @a医药学
690    @aR-49
701  1 @a罗森巴格@Aluo sen ba ge@4著
702  0 @a盛欣@Asheng xin@4译
702  0 @a魏叔兰@Awei shu lan@4译
702  0 @a海旺@Ahai wang@4译
702  0 @a朱秋云@Azhu qiu yun@4译
801  0 @aCN@b深圳图书馆@c20031206
801  2 @aCN@bNLC@c20031206
905    @f1@b202264@dR-49@e12
    
    家庭医学百科/(美)罗森巴格著/盛欣等译.-北京:工人出版社,1985
    528页;19cm
    
    
    ISBN :CNY4.10
    
●
相关链接 在E读中查询图书 在五车中查询图书 在当当中查询图书 在豆瓣中查询图书


正题名:家庭医学百科     索取号:R-49/12         预约/预借

序号 登录号 条形码 馆藏地/架位号 状态 备注
1 0202263   000706276   第二样本阅览室/ [索取号:R-49/12] 在馆    
2 0202264   001588856   密集书库/ [索取号:R-49/12] 在馆    
唐山师范学院图书馆 欢迎您!
大连网信软件有限公司© 版权所有